LEADER 01311nam a2200277 i 4500 001 000000219936 003 CaOOAMICUS 005 20190923155431.0 008 130418s1984 it u000 u ita u 013 $a198833 040 $aSeMil$bita 100 1 $aMeneghetti Casarin, Francesca.$0(OLS)http://semarc/name/77152 245 12$aI vagabondi :$bla società e lo Stato nella Repubblica di Venezia alla fine del '700 /$cFrancesca Meneghetti Casarin ; prefazione di Gaetano Cozzi. 260 $aRoma :$bJouvence,$c1984. 300 $a326 p., [8] c. di tav. :$bill. ;$c21 cm. 490 0 $aStoria ;$v14 650 4$aRepubblica di Venezia <697-1797> - Storia.$0(OLS)http://semarc/subject/44561 650 4$aVenezia - Vita sociale - Sec. 18.$0(OLS)http://semarc/subject/37822 700 1 $aCozzi, Gaetano,$d<1922-2001>.$0(OLS)http://semarc/name/30869 830 0$aStoria [Jouvence] ;$v14.$0(OLS)http://semarc/title/425836 850 $aSeMil 852 $aSeMil$W1$xVenegono$y1$m3U III 456$j170293$B170293$CSeMilBibl$Z2$F182070 $81 961 $aLascito: Presbitero, Silvana 996 $6245$aI vagabondi :$bla società e lo Stato nella Repubblica di Venezia alla fine del '700$9(OLS)http://semarc/title/315514 996 $6260$aRoma :$bJouvence$9(OLS)http://semarc/publisher/33671 LEADER 00919nam a2200241 i 4500 001 000000010657 003 CaOOAMICUS 005 20180830125440.0 008 180830s1843 it u000 u ita u 040 $aSeMil$bita 100 1 $aBotta, Carlo <1766-1837>.$0(OLS)http://semarc/name/36443 245 10$aStoria d'Italia dal 1789 al 1814 /$cdi Carlo Botta. 260 $aLugano :$bTipografia della Svizzera Italiana,$c1843-1845. 300 $a6 v. ;$c18 cm. 650 4$aItalia - Storia - 1789-1814.$0(OLS)http://semarc/subject/14939 774 0 $tTomo 1.$g1$w()254584 774 0 $tTomo 3.$g3$w()254585 774 0 $tTomo 2.$g2$w()254586 774 0 $tTomo 4.$g4$w()254587 774 0 $tTomo 5.$g5$w()254588 774 0 $tTomo 6.$g6$w()254589 996 $6245$aStoria d'Italia dal 1789 al 1814$9(OLS)http://semarc/title/401231 996 $6260$aLugano :$bTipografia della Svizzera Italiana$9(OLS)http://semarc/publisher/36691